El silencio y la palabra: cómo se vence en Waterloo

Saved in:
Bibliografiske detaljer
Hovedforfatter: Sciacca, Michele Federico (Author)
Format: Bog
Sprog:spansk
Udgivet: Barcelona Luis Miracle 1961
Serier:Biblioteca Filosófica, 19
Fag:
Tags: Tilføj Tag
Ingen Tags, Vær først til at tagge denne postø!

MARC

LEADER 00000nam a2200000 a 4500
001 UCY8201
003 CL-VaPUC
008 950703e19610000SP |||||||||||||||||spa|d
082 0 4 |a 190  |b SCI  |2 21 
100 0 |a Sciacca, Michele Federico  |e author  |9 339447 
245 1 3 |a El silencio y la palabra: cómo se vence en Waterloo 
300 |a 230 p 
942 |c BK 
945 |d 19950703 00:00:00  |a aalvarez 
260 |a Barcelona  |b Luis Miracle  |c 1961 
650 0 |a Cristianismo  |9 257361 
650 0 |a Filosofía   |9 223554 
650 0 |a Antropología filosófica  |9 265842 
650 0 |a Filosofía contemporánea  |9 265372 
583 |a last modification  |c 19950703 00:00:00  |k Rodrigo Vera 
490 0 |a Biblioteca Filosófica, 19 
999 |c 235478  |d 235476 
952 |0 0  |1 0  |4 0  |6 190_000000000000000_SCI_1961  |7 0  |8 A  |9 242927  |a BIBEDU  |b BIBEDU  |d 2019-11-18  |i 3100766  |l 2  |o 190 SCI 1961  |p 3100766  |r 2023-07-07  |s 2023-07-07  |w 2019-11-18  |y BK  |k FIL